[Event "Treviso op-A 4th"]
[Site "Treviso"]
[Date "2023.04.01"]
[Round "2"]
[White "Panican, Gheorghe"]
[Black "Aggio, Mose"]
[Result "0-1"]
[WhiteElo "1894"]
[BlackElo "1755"]
[PlyCount "62"]
[EventDate "2023.03.31"]
[EventType "swiss"]
[EventRounds "5"]
[EventCountry "ITA"]
[SourceTitle "EXT 2024"]
[Source "ChessBase"]
[SourceDate "2023.10.10"]
[SourceVersion "1"]
[SourceVersionDate "2023.10.10"]
[SourceQuality "1"]

1. e4 d6 2. d4 Nf6 3. Bd3 g6 4. h3 Bg7 5. Ne2 0-0 6. Be3 Nc6 7. c3 e5 8. d5 Ne7 9. g4 c6 10. c4 b5 11. b3 bxc4 12. bxc4 cxd5 13. cxd5 Ne8 14. g5 f5 15. gxf6 Nxf6 16. Nd2 Nh5 17. Nb3 Bd7 18. Rc1 Rc8 19. Ba6 Rxc1 20. Qxc1 Qb8 21. Qa3 Rf3 22. Bg5 Bf8 23. Ng1 Rf7 24. Ne2 h6 25. Be3 g5 26. h4 g4 27. Bd3 Ng6 28. Qxa7 Qd8 29. Ng3 Nhf4 30. Bxf4 exf4 31. h5 Ne5 0-1

[Event "Padova del Santo op-B 7th"]
[Site "Padova"]
[Date "2020.02.22"]
[Round "3.1"]
[White "Panican, Gheorghe"]
[Black "Feltrin, Francesco"]
[Result "1/2-1/2"]
[WhiteElo "1893"]
[BlackElo "1854"]
[PlyCount "55"]
[EventDate "2020.02.21"]
[EventType "swiss"]
[EventRounds "3"]
[EventCountry "ITA"]
[SourceTitle "EXT 2024"]
[Source "ChessBase"]
[SourceDate "2023.10.10"]
[SourceVersion "1"]
[SourceVersionDate "2023.10.10"]
[SourceQuality "1"]

1. e4 c5 2. Nf3 d6 3. g3 Nc6 4. Bg2 g6 5. 0-0 Bg7 6. d3 e6 7. c3 Nge7 8. Nbd2 0-0 9. Re1 Rb8 10. a4 a6 11. Nb3 b5 12. axb5 axb5 13. d4 c4 14. Nbd2 d5 15. e5 b4 16. Nf1 Bd7 17. N3d2 Ra8 18. Rxa8 Qxa8 19. Ne3 Qa5 20. Qc2 Qa2 21. Qb1 Ra8 22. Qxa2 Rxa2 23. Nf3 Nc8 24. Nd1 Nb6 25. cxb4 Nxb4 26. Nc3 Ra1 27. Bd2 Rxe1+ 28. Nxe1 1/2-1/2

[Event "Treviso op-A 3rd"]
[Site "Treviso"]
[Date "2019.03.30"]
[Round "3.1"]
[White "Panican, Gheorghe"]
[Black "Andreoli, Mark"]
[Result "0-1"]
[WhiteElo "1947"]
[BlackElo "1856"]
[PlyCount "56"]
[EventDate "2019.03.29"]
[EventType "swiss"]
[EventRounds "5"]
[EventCountry "ITA"]
[SourceTitle "EXT 2024"]
[Source "ChessBase"]
[SourceDate "2023.10.10"]
[SourceVersion "1"]
[SourceVersionDate "2023.10.10"]
[SourceQuality "1"]

1. e4 c5 2. Nf3 d6 3. d4 cxd4 4. Nxd4 Nf6 5. Nc3 g6 6. Be2 Bg7 7. 0-0 0-0 8. Be3 Nc6 9. Nb3 Be6 10. f4 Rc8 11. f5 Bd7 12. g4 Ne5 13. g5 Rxc3 14. bxc3 Nxe4 15. fxg6 hxg6 16. Nd4 Nxc3 17. Qe1 Nxe2+ 18. Qxe2 Ng4 19. Rf4 Nxe3 20. Qxe3 e5 21. Rf6 exd4 22. Qxd4 Qb6 23. Qxb6 axb6 24. Rxd6 Bxa1 25. Rxd7 Ra8 26. Rxb7 Rxa2 27. Rc7 Bd4+ 28. Kg2 Bc5 0-1

[Event "Benidorm op U2000 17th"]
[Site "Benidorm"]
[Date "2018.12.03"]
[Round "4"]
[White "Panican, Gheorghe"]
[Black "Viera Falcon, Cristo"]
[Result "0-1"]
[WhiteElo "1980"]
[BlackElo "1873"]
[PlyCount "98"]
[EventDate "2018.11.30"]
[EventType "swiss"]
[EventRounds "10"]
[EventCountry "ESP"]
[SourceTitle "EXT 2022"]
[Source "ChessBase"]
[SourceDate "2021.10.06"]
[SourceVersion "1"]
[SourceVersionDate "2021.10.06"]
[SourceQuality "1"]

1. e4 d6 2. d4 Nf6 3. Nc3 Nbd7 4. f3 e5 5. d5 c6 6. dxc6 bxc6 7. Bc4 d5 8. exd5 Nb6 9. Bd3 cxd5 10. Bb5+ Bd7 11. Qe2 Bd6 12. Nh3 h6 13. 0-0 0-0 14. Bxd7 Qxd7 15. Kh1 Rac8 16. Nf2 Rc4 17. Ncd1 Nh5 18. g3 Nf6 19. Ne3 Rc7 20. c3 Re8 21. Neg4 Nxg4 22. Nxg4 f5 23. Nf2 f4 24. gxf4 exf4 25. Qd3 Qf7 26. b3 Nd7 27. Nd1 Ne5 28. Qd2 Ng6 29. Bb2 Bc5 30. Nf2 Be3 31. Qd1 h5 32. Nd3 Qf5 33. Nb4 Rd7 34. Qc2 Qf6 35. Rad1 Re5 36. c4 d4 37. Nd5 Qc6 38. Nb4 Qe6 39. c5 Rg5 40. c6 Rc7 41. Bxd4 a5 42. Bxe3 fxe3 43. Rd8+ Kh7 44. Nd3 Rxc6 45. Qe2 Qh3 46. Rg1 Rc2 47. Qxc2 Qxf3+ 48. Qg2 Rxg2 49. Rxg2 Nh4 0-1

[Event "Treviso Lega op-A 2nd"]
[Site "Treviso"]
[Date "2018.03.03"]
[Round "3"]
[White "Dalla Palma, Giovanni"]
[Black "Panican, Gheorghe"]
[Result "1/2-1/2"]
[WhiteElo "1805"]
[BlackElo "1937"]
[PlyCount "48"]
[EventDate "2018.03.02"]
[EventType "swiss"]
[EventRounds "5"]
[EventCountry "ITA"]
[SourceTitle "EXT 2022"]
[Source "ChessBase"]
[SourceDate "2021.10.06"]
[SourceVersion "1"]
[SourceVersionDate "2021.10.06"]
[SourceQuality "1"]

1. e4 d6 2. d4 Nd7 3. Nf3 e5 4. Bc4 c6 5. 0-0 Be7 6. dxe5 dxe5 7. Ng5 Bxg5 8. Qh5 g6 9. Qxg5 Qxg5 10. Bxg5 Nc5 11. f3 Be6 12. Be2 Nd7 13. Nd2 h6 14. Bh4 g5 15. Bf2 Ne7 16. Nc4 0-0 17. Rfd1 b5 18. Na5 a6 19. Rd6 Rfc8 20. Rad1 Rc7 21. R1d2 c5 22. c4 b4 23. Bd1 Nc8 24. R6d3 Ncb6 1/2-1/2

[Event "Treviso Lega op-A 2nd"]
[Site "Treviso"]
[Date "2018.03.03"]
[Round "2"]
[White "Panican, Gheorghe"]
[Black "Ballarin, Gabriele"]
[Result "1-0"]
[WhiteElo "1937"]
[BlackElo "1875"]
[PlyCount "157"]
[EventDate "2018.03.02"]
[EventType "swiss"]
[EventRounds "5"]
[EventCountry "ITA"]
[SourceTitle "EXT 2022"]
[Source "ChessBase"]
[SourceDate "2021.10.06"]
[SourceVersion "1"]
[SourceVersionDate "2021.10.06"]
[SourceQuality "1"]

1. e4 c5 2. Nf3 g6 3. d4 cxd4 4. Nxd4 Nf6 5. Nc3 Nc6 6. Be3 Bg7 7. Be2 Qa5 8. Nb3 Qc7 9. f4 d6 10. Nb5 Qb8 11. Bf3 a6 12. N5d4 Qc7 13. c3 Rb8 14. 0-0 Na5 15. Nxa5 Qxa5 16. Qe2 h5 17. Kh1 Bg4 18. Bg1 Qc7 19. Rae1 Bxf3 20. Qxf3 0-0 21. h3 e5 22. fxe5 dxe5 23. Nb3 b6 24. Bf2 Nd7 25. Rd1 Rb7 26. Qd3 Nb8 27. Qd6 Rc8 28. Bg3 Nc6 29. Bh4 Bf8 30. Qd5 Re8 31. Rf3 Re6 32. Rdf1 Qc8 33. Rf6 Ne7 34. Qd3 Rd7 35. Qe2 Rxf6 36. Rxf6 Qb7 37. Qc4 Nc8 38. Rxg6+ Kh7 39. Rg5 Nd6 40. Qe2 Bg7 41. Qxh5+ Kg8 42. Qg4 f6 43. Qe6+ Kf8 44. Rg4 Ne8 45. Bf2 Rd6 46. Qf5 Rd1+ 47. Bg1 Rb1 48. Qf2 Nd6 49. Qc2 Re1 50. Kh2 Nxe4 51. Qd3 Ng5 52. Bf2 Re4 53. Qd8+ Kf7 54. Bxb6 Re2 55. Nc5 Qe7 56. Qxe7+ Kxe7 57. Rb4 e4 58. h4 Nf3+ 59. Kg3 Ne1 60. Rxe4+ Rxe4 61. Nxe4 Nd3 62. Bc5+ Kd7 63. Ba3 Ne5 64. Nc5+ Kc6 65. Nxa6 Nc4 66. Nb4+ Kb5 67. Nc2 Bh6 68. b3 Nd2 69. c4+ Kc6 70. Nd4+ Kd7 71. Nf5 Nb1 72. Nxh6 Nxa3 73. Ng4 Ke6 74. Kf4 Nc2 75. Ne3 Ne1 76. a4 Nd3+ 77. Kf3 f5 78. a5 Ke5 79. a6 1-0

[Event "Mogliano Veneto op-B 38th"]
[Site "Mogliano Veneto"]
[Date "2017.05.01"]
[Round "4.22"]
[White "Panican, Gheorghe"]
[Black "Martinello, Edoardo"]
[Result "0-1"]
[WhiteElo "1955"]
[BlackElo "1610"]
[PlyCount "28"]
[EventDate "2017.04.29"]
[EventType "swiss"]
[EventRounds "5"]
[EventCountry "ITA"]
[SourceTitle "EXT 2023"]
[Source "ChessBase"]
[SourceDate "2022.10.05"]
[SourceVersion "1"]
[SourceVersionDate "2022.10.05"]
[SourceQuality "1"]

1. h3 d5 2. a3 Nf6 3. b3 Nc6 4. Bb2 e5 5. e4 dxe4 6. d4 exd3 7. Nd2 dxc2 8. Qxc2 Bd6 9. 0-0-0 Qe7 10. Ngf3 Bxa3 11. Nxe5 Nxe5 12. Bb5+ c6 13. Bxc6+ bxc6 14. Bxa3 Qxa3+ 0-1

[Event "Mogliano Veneto op-B 38th"]
[Site "Mogliano Veneto"]
[Date "2017.04.29"]
[Round "1.4"]
[White "Belloni, Umberto"]
[Black "Panican, Gheorghe"]
[Result "1/2-1/2"]
[WhiteElo "1737"]
[BlackElo "1955"]
[PlyCount "107"]
[EventDate "2017.04.29"]
[EventType "swiss"]
[EventRounds "5"]
[EventCountry "ITA"]
[SourceTitle "EXT 2023"]
[Source "ChessBase"]
[SourceDate "2022.10.05"]
[SourceVersion "1"]
[SourceVersionDate "2022.10.05"]
[SourceQuality "1"]

1. d4 Nf6 2. Bg5 e6 3. e3 Be7 4. Bxf6 Bxf6 5. f4 c5 6. c3 cxd4 7. exd4 Qb6 8. Qd2 Nc6 9. Nf3 d6 10. Na3 Be7 11. Bd3 d5 12. 0-0 Bxa3 13. bxa3 Na5 14. Rae1 0-0 15. Qe2 g6 16. h4 Qd6 17. h5 Bd7 18. hxg6 hxg6 19. Ne5 Nc6 20. Nxc6 bxc6 21. Qg4 Kg7 22. f5 exf5 23. Bxf5 Bxf5 24. Rxf5 Rae8 25. Rfe5 Rxe5 26. dxe5 Qe6 27. Qd4 a6 28. Rf1 Re8 29. Rf6 Qxe5 30. Qxe5 Rxe5 31. Rxc6 Re6 32. Rc5 Rd6 33. Kf2 Kf6 34. Ke3 Ke6 35. Kd4 f5 36. Rc8 g5 37. Re8+ Kf6 38. Re5 Rb6 39. Rxd5 Rb2 40. Ra5 Rd2+ 41. Ke3 Rxg2 42. Rxa6+ Ke7 43. c4 Rg3+ 44. Kd4 f4 45. Rb6 f3 46. Ke3 g4 47. Rb2 Ke6 48. a4 Ke5 49. a5 Rh3 50. Rb5+ Kd6 51. Rg5 Rh2 52. Rxg4 Rxa2 53. Kxf3 Rxa5 54. Ke3 1/2-1/2

[Event "Treviso op-B 1st"]
[Site "Treviso"]
[Date "2017.03.19"]
[Round "5.1"]
[White "Panican, Gheorghe"]
[Black "Benetti, Lorenzo"]
[Result "1-0"]
[WhiteElo "1928"]
[BlackElo "1931"]
[PlyCount "71"]
[EventDate "2017.03.17"]
[EventType "swiss"]
[EventRounds "5"]
[EventCountry "ITA"]
[SourceTitle "EXT 2024"]
[Source "ChessBase"]
[SourceDate "2023.10.10"]
[SourceVersion "1"]
[SourceVersionDate "2023.10.10"]
[SourceQuality "1"]

1. e4 d6 2. d4 Nf6 3. f3 g6 4. c4 Bg7 5. Nc3 0-0 6. Be3 Na6 7. Qd2 c5 8. d5 Nc7 9. Bd3 a6 10. a4 Bd7 11. a5 Rb8 12. Nge2 b5 13. axb6 Rxb6 14. 0-0 Qb8 15. Ra2 Rb4 16. Qc2 Qa7 17. Rfa1 Qb7 18. Bc1 Rb8 19. g4 Bxg4 20. fxg4 Nxg4 21. h3 Ne5 22. Ra4 Rb6 23. Kg2 h5 24. Ng1 Bh6 25. Nd1 Bxc1 26. Rxc1 Rb3 27. Be2 e6 28. Ra3 Rxa3 29. bxa3 exd5 30. exd5 Ne6 31. Qd2 Nd4 32. Rc3 Qb1 33. Nf3 Ndxf3 34. Bxf3 Qf5 35. Nf2 Rb1 36. Be4 1-0

[Event "Treviso op-B 1st"]
[Site "Treviso"]
[Date "2017.03.18"]
[Round "2.3"]
[White "Panican, Gheorghe"]
[Black "Battagin, Mose"]
[Result "1-0"]
[WhiteElo "1928"]
[BlackElo "1859"]
[PlyCount "111"]
[EventDate "2017.03.17"]
[EventType "swiss"]
[EventRounds "5"]
[EventCountry "ITA"]
[SourceTitle "EXT 2024"]
[Source "ChessBase"]
[SourceDate "2023.10.10"]
[SourceVersion "1"]
[SourceVersionDate "2023.10.10"]
[SourceQuality "1"]

1. e4 c5 2. Nf3 d6 3. d4 cxd4 4. Nxd4 Nf6 5. Nc3 g6 6. g3 Bg7 7. Bg2 0-0 8. 0-0 Nc6 9. Nxc6 bxc6 10. e5 dxe5 11. Bxc6 Bh3 12. Bg2 Bxg2 13. Kxg2 Qc8 14. h3 Qc6+ 15. Kh2 Rab8 16. Qe2 Rfc8 17. Rb1 Ne8 18. Be3 Rb7 19. Rfc1 Nd6 20. Nd1 Nc4 21. c3 e4 22. b3 Ne5 23. c4 h5 24. Nb2 Nf3+ 25. Kg2 e5 26. c5 Rf8 27. Nc4 Rc7 28. b4 f5 29. Na5 Qf6 30. c6 f4 31. Qc4+ Kh7 32. Bc5 Rfc8 33. Rc2 Qf5 34. Rh1 Nd4 35. Bxd4 exd4 36. g4 f3+ 37. Kg1 Qf4 38. b5 Be5 39. Nb3 e3 40. Kf1 e2+ 41. Ke1 d3 42. Qxd3 Qb4+ 43. Nd2 Rf8 44. gxh5 Rf6 45. hxg6+ Kg7 46. h4 Qg4 47. Nxf3 Rxf3 48. Qxe2 Qb4+ 49. Kf1 Rf5 50. h5 Qf4 51. h6+ Kxg6 52. Rc4 Bd4 53. h7 Rxh7 54. Qe6+ Rf6 55. Rg1+ Kh6 56. Qh3+ 1-0

[Event "Treviso op-B 1st"]
[Site "Treviso"]
[Date "2017.03.18"]
[Round "3.1"]
[White "Zanirato, Stefano"]
[Black "Panican, Gheorghe"]
[Result "0-1"]
[WhiteElo "1911"]
[BlackElo "1928"]
[PlyCount "122"]
[EventDate "2017.03.17"]
[EventType "swiss"]
[EventRounds "5"]
[EventCountry "ITA"]
[SourceTitle "EXT 2024"]
[Source "ChessBase"]
[SourceDate "2023.10.10"]
[SourceVersion "1"]
[SourceVersionDate "2023.10.10"]
[SourceQuality "1"]

1. e4 c5 2. Nf3 d6 3. Bb5+ Nd7 4. a4 a6 5. Bc4 e6 6. d3 Ngf6 7. Nc3 Be7 8. 0-0 0-0 9. Re1 b6 10. h3 Bb7 11. Bg5 Re8 12. Qd2 Qc7 13. Qf4 Rac8 14. Qh4 Nf8 15. Bxf6 Bxf6 16. Qg3 Ng6 17. h4 h5 18. Ng5 Ne5 19. f4 Ng4 20. Nf3 Bxc3 21. bxc3 d5 22. Ba2 c4 23. dxc4 dxe4 24. Ne5 Qc5+ 25. Kf1 Nxe5 26. fxe5 g6 27. Qg5 Qe7 28. Qxe7 Rxe7 29. Rad1 Rc5 30. Rd6 b5 31. axb5 axb5 32. Rb1 bxc4 33. Rb4 Rxe5 34. Bxc4 Rc7 35. Bb3 Kg7 36. c4 e3 37. Rb5 e2+ 38. Ke1 Re3 39. Rd3 Re4 40. Rd2 Rxh4 41. Rxe2 Ba6 42. Rb4 Bxc4 43. Bxc4 Rhxc4 44. Rxc4 Rxc4 45. Kd2 Kf8 46. Kd3 Rc8 47. c4 Ke7 48. Kd4 Kd6 49. Ra2 e5+ 50. Kc3 f5 51. Ra7 Rc6 52. Rg7 Kc5 53. Re7 e4 54. g3 Ra6 55. Rc7+ Kd6 56. Rg7 Ra3+ 57. Kb4 Rxg3 58. c5+ Kc6 59. Rg8 e3 60. Rc8+ Kd7 61. Rg8 e2 0-1

[Event "Mestre Cipressina op-A 5th"]
[Site "Mestre"]
[Date "2016.11.26"]
[Round "3"]
[White "Mileto, Gabriele"]
[Black "Panican, Gheorghe"]
[Result "1/2-1/2"]
[WhiteElo "2110"]
[BlackElo "1954"]
[PlyCount "53"]
[EventDate "2016.11.25"]
[EventType "swiss"]
[EventRounds "5"]
[EventCountry "ITA"]
[SourceTitle "EXT 2022"]
[Source "ChessBase"]
[SourceDate "2021.10.06"]
[SourceVersion "1"]
[SourceVersionDate "2021.10.06"]
[SourceQuality "1"]

1. d4 d6 2. Nf3 Nd7 3. e4 e5 4. Bc4 Be7 5. 0-0 Ngf6 6. Re1 0-0 7. c3 c6 8. Bb3 a5 9. Nbd2 Qc7 10. Nf1 Nb6 11. Ng3 a4 12. Bc2 c5 13. d5 Bd7 14. Qe2 Nc8 15. h3 b5 16. Nh2 Nb6 17. Nhf1 Rfb8 18. Ne3 g6 19. Bd2 Be8 20. Rad1 Nbd7 21. Bb1 Bf8 22. Kh2 c4 23. a3 Nc5 24. Bc2 Bd7 25. Ng4 Nxg4+ 26. hxg4 f6 27. f3 1/2-1/2

[Event "Mestre Cipressina op-A 5th"]
[Site "Mestre"]
[Date "2016.11.26"]
[Round "2"]
[White "Panican, Gheorghe"]
[Black "Dappiano, Andrea"]
[Result "0-1"]
[WhiteElo "1954"]
[BlackElo "2297"]
[PlyCount "84"]
[EventDate "2016.11.25"]
[EventType "swiss"]
[EventRounds "5"]
[EventCountry "ITA"]
[SourceTitle "EXT 2022"]
[Source "ChessBase"]
[SourceDate "2021.10.06"]
[SourceVersion "1"]
[SourceVersionDate "2021.10.06"]
[SourceQuality "1"]

1. e4 e6 2. d3 c5 3. Nf3 Nc6 4. g3 g6 5. Bg2 Bg7 6. 0-0 Nge7 7. Re1 0-0 8. c3 b6 9. Na3 d5 10. e5 h6 11. h4 Rb8 12. Nc2 Nf5 13. d4 Ba6 14. Bf4 Qe7 15. Qd2 Rfc8 16. Ne3 Nxe3 17. Qxe3 Kh7 18. Qd2 Na5 19. b3 Nc6 20. Rac1 cxd4 21. Nxd4 Nxd4 22. cxd4 Qa3 23. Bf1 Bxf1 24. Rxf1 Bf8 25. Rc2 Bb4 26. Qc1 Qa6 27. Be3 Rxc2 28. Qxc2 Rc8 29. Qb1 Ba3 30. Re1 h5 31. Kg2 Rc3 32. Bd2 Rc6 33. Be3 Qc8 34. Re2 Rc3 35. Qd1 Bf8 36. Qd2 Bb4 37. Qb2 Qa6 38. Kg1 Qd3 39. Rd2 Qe4 40. Re2 Rd3 41. Qc2 Bc3 42. f3 Qf5 0-1

[Event "Chioggia op-A 08th"]
[Site "Chioggia"]
[Date "2013.10.12"]
[Round "2"]
[White "Panican, Gheorghe"]
[Black "Holzer, Philipp"]
[Result "1-0"]
[WhiteElo "1995"]
[BlackElo "1865"]
[PlyCount "107"]
[EventDate "2013.10.10"]
[EventType "swiss"]
[EventRounds "5"]
[EventCountry "ITA"]
[SourceTitle "EXT 2024"]
[Source "ChessBase"]
[SourceDate "2023.10.10"]
[SourceVersion "1"]
[SourceVersionDate "2023.10.10"]
[SourceQuality "1"]

1. e4 e5 2. Nc3 Bc5 3. Bc4 Nf6 4. d3 h6 5. Nge2 0-0 6. 0-0 Nc6 7. a3 a6 8. h3 d6 9. Kh1 Be6 10. Ng3 Bxc4 11. dxc4 Nd4 12. Nd5 c6 13. Ne3 g6 14. c3 Ne6 15. Nc2 Kg7 16. b4 Bb6 17. Qf3 Ng5 18. Bxg5 hxg5 19. Rad1 Qe7 20. Ne3 Bxe3 21. fxe3 Rh8 22. Kg1 Qe6 23. Rd2 g4 24. hxg4 Nxg4 25. Rfd1 Rad8 26. c5 Nh2 27. Qf2 d5 28. exd5 Rxd5 29. Rxd5 cxd5 30. e4 dxe4 31. Nxe4 Ng4 32. Qe2 Qf5 33. Ng3 Qf4 34. Qf3 Ne3 35. Rd7 Qxf3 36. gxf3 Rb8 37. Ne4 Nc4 38. a4 Kf8 39. a5 Ke8 40. Nf6+ Kf8 41. Kf2 Kg7 42. Ne4 g5 43. Nxg5 Kf6 44. Nxf7 Ke6 45. Rd8 Rxd8 46. Nxd8+ Kd5 47. Nxb7 Kc6 48. Nd6 Nb2 49. Ke2 Kd5 50. Kd2 Na4 51. c4+ Kc6 52. Ne4 Nb2 53. Nd6 Na4 54. Nf7 1-0

[Event "Mogliano Veneto op-B 34th"]
[Site "Mogliano Veneto"]
[Date "2013.04.28"]
[Round "6"]
[White "Rampazzo, Loriano"]
[Black "Panican, Gheorghe"]
[Result "1-0"]
[WhiteElo "1748"]
[BlackElo "1983"]
[PlyCount "85"]
[EventDate "2013.04.25"]
[EventType "swiss"]
[EventRounds "6"]
[EventCountry "ITA"]
[SourceTitle "EXT 2015"]
[Source "ChessBase"]
[SourceDate "2014.11.20"]
[SourceVersion "1"]
[SourceVersionDate "2014.11.20"]
[SourceQuality "1"]

1. Nf3 Nf6 2. b3 g6 3. Bb2 Bg7 4. e3 d6 5. d4 0-0 6. Bd3 Nbd7 7. 0-0 e5 8. Nbd2 Qe7 9. dxe5 dxe5 10. e4 Nh5 11. Re1 Nc5 12. Ba3 b6 13. Nc4 Bb7 14. g3 Rad8 15. Qe2 Rfe8 16. Qe3 f6 17. Bxc5 bxc5 18. Na5 Ba8 19. Bc4+ Kh8 20. Bb5 Rf8 21. Nc6 Bxc6 22. Bxc6 Qe6 23. Bd5 Qb6 24. Bc4 Rfe8 25. Rad1 Bf8 26. Rxd8 Rxd8 27. Bd3 Ng7 28. a3 Ne6 29. Nd2 Qa5 30. Nc4 Qc3 31. Rd1 Nd4 32. Kg2 Kg8 33. Qd2 Qxd2 34. Rxd2 Bh6 35. Rd1 Kf8 36. Na5 Rb8 37. Bc4 Rb6 38. c3 Nc2 39. Rd8+ Ke7 40. Rh8 Bd2 41. Rxh7+ Kd6 42. Bd5 c6 43. Nc4# 1-0

[Event "Noale Szabados Memorial-B 5th"]
[Site "Noale"]
[Date "2012.02.04"]
[Round "2"]
[White "Panican, Gheorghe"]
[Black "Ballarin, Gabriele"]
[Result "1-0"]
[WhiteElo "2008"]
[BlackElo "1846"]
[PlyCount "85"]
[EventDate "2012.02.03"]
[EventType "swiss"]
[EventRounds "5"]
[EventCountry "ITA"]
[SourceTitle "EXT 2022"]
[Source "ChessBase"]
[SourceDate "2021.10.06"]
[SourceVersion "1"]
[SourceVersionDate "2021.10.06"]
[SourceQuality "1"]

1. e4 c5 2. Nf3 a6 3. c4 g6 4. d4 cxd4 5. Nxd4 d6 6. Be2 Nf6 7. Nc3 Bg7 8. 0-0 Nc6 9. Be3 0-0 10. Rc1 Nxd4 11. Bxd4 Be6 12. b3 Rc8 13. f3 Nd7 14. Nd5 Bxd4+ 15. Qxd4 Bxd5 16. Qxd5 Qb6+ 17. Kh1 Rc5 18. Qd2 a5 19. Rfd1 Kg7 20. f4 Rc7 21. Bf3 Qc5 22. Qb2+ f6 23. g3 Nb8 24. Rd5 Qa7 25. Qd2 Rc5 26. Re1 Nc6 27. Qb2 Nb4 28. Rd2 Qb6 29. Kg2 Qc7 30. Red1 Kg8 31. Bg4 Kf7 32. Rf1 h5 33. Bf3 e5 34. f5 Nc6 35. fxg6+ Kxg6 36. Qb1 Qe7 37. Qd1 Nd4 38. Bxh5+ Kh7 39. Qg4 Qg7 40. Qh4 Qh6 41. Rdf2 f5 42. exf5 Rf6 43. g4 1-0

[Event "Noale Szabados Memorial-B 5th"]
[Site "Noale"]
[Date "2012.02.03"]
[Round "1"]
[White "Tonolo, Maurizio"]
[Black "Panican, Gheorghe"]
[Result "0-1"]
[WhiteElo "1770"]
[BlackElo "2008"]
[PlyCount "70"]
[EventDate "2012.02.03"]
[EventType "swiss"]
[EventRounds "5"]
[EventCountry "ITA"]
[SourceTitle "EXT 2022"]
[Source "ChessBase"]
[SourceDate "2021.10.06"]
[SourceVersion "1"]
[SourceVersionDate "2021.10.06"]
[SourceQuality "1"]

1. d4 Nf6 2. Nf3 e6 3. e3 b6 4. Bd3 Bb7 5. Nbd2 d5 6. 0-0 Nbd7 7. b3 Bd6 8. Bb2 0-0 9. c4 c5 10. Rc1 Rc8 11. Re1 Ne4 12. Ne5 Bxe5 13. dxe5 Nxd2 14. Qxd2 dxc4 15. Bxc4 Qg5 16. f4 Qg4 17. Qf2 Rcd8 18. Red1 Nb8 19. Be2 Qf5 20. Bf1 Nc6 21. Ba1 Nb4 22. Rd6 Be4 23. Rcd1 Nd5 24. Rxd8 Rxd8 25. Rd2 h5 26. Bc4 Re8 27. Qe2 g6 28. Bd3 Re7 29. Bxe4 Qxe4 30. Qd3 Qxe3+ 31. Qxe3 Nxe3 32. Kf2 Nd5 33. Kf3 Kf8 34. g3 Ke8 35. g4 hxg4+ 0-1

[Event "Mestre Ragazzini Memorial 2nd"]
[Site "Mestre"]
[Date "2011.05.20"]
[Round "1"]
[White "Bortolotto, Denzio"]
[Black "Panican, Gheorghe"]
[Result "0-1"]
[WhiteElo "1769"]
[BlackElo "1995"]
[PlyCount "60"]
[EventDate "2011.05.20"]
[EventType "swiss"]
[EventRounds "5"]
[EventCountry "ITA"]
[SourceTitle "EXT 2022"]
[Source "ChessBase"]
[SourceDate "2021.10.06"]
[SourceVersion "1"]
[SourceVersionDate "2021.10.06"]
[SourceQuality "1"]

1. d4 Nf6 2. Nf3 d6 3. g3 Nbd7 4. Bg2 e5 5. dxe5 dxe5 6. 0-0 Be7 7. Nbd2 c6 8. Nc4 Qc7 9. b3 b5 10. Ncxe5 Nxe5 11. Nxe5 Qxe5 12. Bf4 Qe6 13. c4 bxc4 14. bxc4 0-0 15. Qa4 Bd7 16. Rfd1 Rfc8 17. Rab1 Be8 18. e4 Bc5 19. Re1 Ng4 20. Re2 Ne5 21. Qa5 Nd7 22. Rc2 Bb6 23. Qc3 f6 24. Re1 Bf7 25. e5 fxe5 26. Bxe5 Re8 27. Rce2 Nxe5 28. Rxe5 Qf6 29. Rxe8+ Rxe8 30. Qc1 Qxf2+ 0-1

[Event "Mogliano Veneto op 32nd"]
[Site "Mogliano Veneto"]
[Date "2011.04.30"]
[Round "2"]
[White "Panican, Gheorghe"]
[Black "Boscolo, Federico"]
[Result "1-0"]
[WhiteElo "1971"]
[BlackElo "2233"]
[PlyCount "83"]
[EventDate "2011.04.29"]
[EventType "swiss"]
[EventRounds "5"]
[EventCountry "ITA"]
[SourceTitle "EXT 2023"]
[Source "ChessBase"]
[SourceDate "2022.10.05"]
[SourceVersion "1"]
[SourceVersionDate "2022.10.05"]
[SourceQuality "1"]

1. e4 c5 2. Nf3 d6 3. d4 cxd4 4. Nxd4 Nf6 5. Nc3 g6 6. Be3 Bg7 7. Be2 0-0 8. 0-0 Nc6 9. Nb3 a6 10. f4 b5 11. Bf3 Bb7 12. a3 Na5 13. Nxa5 Qxa5 14. Qd2 Rab8 15. Rfd1 Rfc8 16. Qd3 Nd7 17. Bd2 Qc7 18. Rdc1 Nb6 19. Nd1 Nc4 20. Bc3 Bxc3 21. Qxc3 Qb6+ 22. Kh1 Ne5 23. Qe3 Qxe3 24. Nxe3 Nxf3 25. gxf3 Rc5 26. Kg2 Rbc8 27. c3 d5 28. exd5 Rxd5 29. Nxd5 Bxd5 30. Rd1 e6 31. Rd4 Bb3 32. Re1 a5 33. Kg3 Rc5 34. Re5 Bd5 35. a4 f6 36. Re3 bxa4 37. Rxa4 Bb3 38. Rd4 a4 39. Red3 e5 40. Rd7 Rb5 41. Ra7 Rb8 42. Rdd7 1-0

[Event "Chioggia op-A 05th"]
[Site "Chioggia"]
[Date "2010.10.10"]
[Round "5"]
[White "Fracasso Pezzolato, Michele"]
[Black "Panican, Gheorghe"]
[Result "1/2-1/2"]
[WhiteElo "1823"]
[BlackElo "1915"]
[PlyCount "135"]
[EventDate "2010.10.08"]
[EventType "swiss"]
[EventRounds "5"]
[EventCountry "ITA"]
[SourceTitle "EXT 2022"]
[Source "ChessBase"]
[SourceDate "2021.10.06"]
[SourceVersion "1"]
[SourceVersionDate "2021.10.06"]
[SourceQuality "1"]

1. e4 d6 2. d4 e5 3. d5 c5 4. Bb5+ Nd7 5. Bxd7+ Bxd7 6. c4 Nf6 7. Nc3 Be7 8. Bd2 a6 9. a4 b6 10. Nge2 0-0 11. 0-0 Ne8 12. f4 Bf6 13. f5 Nc7 14. g4 Bg5 15. Kh1 h6 16. Ng1 Qe7 17. Nf3 Bxd2 18. Qxd2 f6 19. h4 Kf7 20. g5 hxg5 21. hxg5 Rh8+ 22. Kg2 Rag8 23. g6+ Ke8 24. Rh1 Kd8 25. Qe2 Qe8 26. Rag1 Rxh1 27. Rxh1 Rh8 28. Qe1 Qg8 29. Rh4 Rxh4 30. Qxh4 Kc8 31. Qh1 a5 32. Kf2 Na6 33. Ke2 Nb4 34. Kd2 Kc7 35. b3 Kd8 36. Ne2 Na6 37. Ng3 Nc7 38. Qh7 Qf8 39. Nh5 Ne8 40. Nh2 Kc8 41. Ng4 Kd8 42. Nh6 gxh6 43. g7 Nxg7 44. Nxg7 Qf7 45. Qxh6 Ke7 46. Ke3 Qg8 47. Kf3 Be8 48. Kg4 Kf8 49. Qxf6+ Bf7 50. Qxd6+ Kxg7 51. Qxe5+ Kh6+ 52. Kh3 Kh5 53. Qf4 Qg5 54. Qf3+ Kh6 55. e5 Bh5 56. Qe4 Qc1 57. Qg2 Qe1 58. f6 Bg6 59. Qg3 Bf5+ 60. Kh2 Qe2+ 61. Kg1 Qd1+ 62. Kf2 Qd2+ 63. Kg1 Qd4+ 64. Kh2 Qd2+ 65. Kg1 Qd1+ 66. Kf2 Qd2+ 67. Kg1 Qd1+ 68. Kf2 1/2-1/2